00498nam a2200145Ia 450000500170000000800410001710000210005824500820007926000280016130000110018965000140020094200070021499900170022195201140023820260328104314.0260328s9999||||xx |||||||||||||| ||und|| aLeinwand, Gerald 4aThe City as a Community :b problems of American society /cGerald Leinwand bWashington Square Press a192 p. aURBANISMO cBK c11069d11069 001040708GENaGPCbGPCcGENd2026-03-28i5314l0o711 L 5341p5314r2026-03-28 15:43:14t1w2026-03-28yBK